| 000 | 00721cam a2200229 i 4500 | ||
|---|---|---|---|
| 999 |
_c234065 _d234065 |
||
| 001 | 1324993 | ||
| 003 | Nust | ||
| 005 | 20170312121512.0 | ||
| 008 | 780629s1977 enk 000 0 eng | ||
| 010 | _a 78305304 | ||
| 015 | _aGB77-29097 | ||
| 020 | _a9780330487603 | ||
| 040 |
_aDLC _cDLC _dDLC |
||
| 043 | _aa-ii--- | ||
| 050 | 0 | 0 |
_aDS428.2 _b.N34 1977 |
| 082 |
_a954.0520924 _bNAI |
||
| 100 | 1 |
_aNaipaul, V. S. _q(Vidiadhar Surajprasad), _d1932- |
|
| 245 | 1 | 0 |
_aIndia : _ba wounded civilization / _cby V. S. Naipaul. |
| 260 |
_aLondon : _bDeutsch, _c1977. |
||
| 300 |
_a161 p. ; _c23 cm. |
||
| 651 | 0 |
_aIndia _xCivilization. |
|
| 906 |
_a7 _bcbc _corignew _d3 _encip _f19 _gy-gencatlg |
||
| 942 |
_2ddc _cBK |
||